00560 2200205 4500001002100000005001500021008004100036020002200077035001900099041000700118082001100125090001900136100001700155245006000172260003300232300002200265650002500287990001900312990002300331INLIS00000000002277120241224131344241224||||||||| | ||| |||| || |  a978-979-3535-74-6 0010-1224022771 aid0 a592.03 a592.03 ENS e/70 aTim Penerbit00aEnsiklopedia Biologi Dunia Hewan Jilid 7 : Invertebrata aJakartabLentera Abadic2010 a612 ;23,5 x 32 cm 0aEnsiklopedia Biologi a05.17.01.06.10 a05.17.01.01.04.001